000 00621nam a22001817a 4500
005 20251108170939.0
008 250721s9999 xx 000 0 ara d
082 1 4 _aم/212/بيض
100 1 _aالبيضاوي، ناصرالدين أبو سعيد ...
_eكاتب حوار
245 1 0 _aأنوار التنزيل و أسرار التأويل /
264 1 _aبيروت :
_bدار الجيل،
_c[19-].
300 _a815ص
650 1 7 _aالقرآن الكريم
650 1 7 _aتفسير القرآن
700 1 _aالبيضاوي، عبد الله بن عمر بن محمد
942 _2ddc
_cREF
999 _c52803
_d52803